| 000 | 00610nam a2200157 a 4500 | ||
|---|---|---|---|
| 008 | 120416s1932 ||||||||||||||||| || u | ||
| 050 | _aREF TK 223 Nat | ||
| 100 | _aSummers, Wilford I | ||
| 245 | 1 | 0 |
_aNFPA handbook of the national electrical code, based on the current 1975 code _cedited by Wilford I. Summers |
| 246 | _aNational Fire Protection Association | ||
| 250 | _a4th ed | ||
| 260 |
_aNew York _bMcGraw-Hill _c1932 |
||
| 300 | _axli, 797p. : ill | ||
| 350 | _a0.00 | ||
| 995 |
_D0.00 _FCBU-MAIN LIBRARY (Kitwe) _H1 _I35.00 _M1 _UREFERENCE _ZReference Collection |
||
| 999 |
_c52249 _d52249 |
||